000 01323nam a22002897a 4500
003 DO-SdBNP
005 20180314105443.0
008 160413b2009 dr||||| |||| 00| 0 spa d
020 _a9789945171891
040 _aBPMSU
_bspa
_cBPMSU
092 _a373.7
_bM425e 1ro. 2009
245 _aMatemática 1 :
_beducación media /
_cKreemly Pérez ... [et.al.]
260 _aSanto Domingo :
_bSM,
_c2009
300 _a295 p. :
_bil. : 28 cm
490 1 _aProyecto saber más
505 _tEl álgebra de las proporciones
_tIntroducción a la teoría de conjuntos
_tEstadística
_tExpresiones algebraicas
_tDivisión de polinomios factorización
_tExpresiones fraccionarias
_tRectas y segmentos
_tIntervalos inecuaciones lineales
_tNúmeros complejos
_tTécnicas de factorización
_tEcuaciones e inecuaciones de segundo grado
_tExpresiones algebraicas irracionales
_tÁngulos
_tProbabilidad
650 _aMATEMÁTICAS
_xENSEÑANZA SECUNDARIA
650 _aEDUCACIÓN SECUNDARIA
_zREPÚBLICA DOMINICANA
650 _aEDUCACIÓN SECUNDARIA
_xLIBROS DE TEXTOS
650 _aMATEMÁTICAS
_xESTUDIOS Y EJERCÍCIOS
700 1 2 _aPérez, Kreemly
830 0 _aEducación en valores
910 _aValidado. Control de calidad MFF
942 _2ddc
_cBK
945 _aRemanejado para la BNPHU, 2018 / BT
956 _adaysi garcia
999 _c9731
_d9731